00485nas a2200193 a 4500001001000000003000400010005001700014008004100031022001300072040001800085043000900103245002000112260003700132300001700169310001400186362004000200651003400240999001700274000037235DLC20200930080229.0120315c20119999dr fr1pdd 0 0spa d a22217568 aDO-SdBNPbspa anwdr00aCardio Cedimat. aSanto Domingo :bCedimat,c2011. av. ;c27 cm. aSemestral aVol. 4 No. 6 (Julio-Diciembre 2011) 4aRepública Dominicana910483 c36725d36725